The Soviet impact on society : (Record no. 25308)
[ view plain ]
| 000 -LEADER | |
|---|---|
| fixed length control field | 00858cam a22002771a 4500 |
| 001 - CONTROL NUMBER | |
| control field | 7912938 |
| 003 - CONTROL NUMBER IDENTIFIER | |
| control field | BDDh-ASL |
| 005 - DATE AND TIME OF LATEST TRANSACTION | |
| control field | 20231015030456.0 |
| 008 - FIXED-LENGTH DATA ELEMENTS--GENERAL INFORMATION | |
| fixed length control field | 720308s1953 nyu 000 0 eng |
| 010 ## - LIBRARY OF CONGRESS CONTROL NUMBER | |
| LC control number | 53007611 |
| 035 ## - SYSTEM CONTROL NUMBER | |
| System control number | (OCoLC)258899 |
| 040 ## - CATALOGING SOURCE | |
| Original cataloging agency | DLC |
| Transcribing agency | ODaWU |
| Modifying agency | OCoLC |
| -- | WU |
| -- | OrPS |
| -- | DLC |
| -- | BDDh-ASL |
| 042 ## - AUTHENTICATION CODE | |
| Authentication code | premarc |
| 043 ## - GEOGRAPHIC AREA CODE | |
| Geographic area code | e-ur--- |
| 050 00 - LIBRARY OF CONGRESS CALL NUMBER | |
| Classification number | HN523 |
| Item number | .R8 |
| 082 ## - DEWEY DECIMAL CLASSIFICATION NUMBER | |
| Classification number | 301 |
| Item number | RUS |
| 100 1# - MAIN ENTRY--PERSONAL NAME | |
| Personal name | Runes, Dagobert D. |
| Fuller form of name | (Dagobert David), |
| Dates associated with a name | 1902-1982. |
| 245 14 - TITLE STATEMENT | |
| Title | The Soviet impact on society : |
| Remainder of title | a recollection / |
| Statement of responsibility, etc. | with a foreword by Harry Elmer Barnes. |
| 260 ## - PUBLICATION, DISTRIBUTION, ETC. | |
| Place of publication, distribution, etc. | New York : |
| Name of publisher, distributor, etc. | Philosophical Library, |
| Date of publication, distribution, etc. | [1953] |
| 300 ## - PHYSICAL DESCRIPTION | |
| Extent | 202 p. ; |
| Dimensions | 23 cm. |
| 650 #0 - SUBJECT ADDED ENTRY--TOPICAL TERM | |
| Topical term or geographic name entry element | Communism |
| Geographic subdivision | Soviet Union. |
| 650 #0 - SUBJECT ADDED ENTRY--TOPICAL TERM | |
| Topical term or geographic name entry element | Communism. |
| 651 #0 - SUBJECT ADDED ENTRY--GEOGRAPHIC NAME | |
| Geographic name | Soviet Union |
| General subdivision | Social conditions. |
| 906 ## - LOCAL DATA ELEMENT F, LDF (RLIN) | |
| a | 7 |
| b | cbc |
| c | oclcrpl |
| d | u |
| e | ncip |
| f | 19 |
| g | y-gencatlg |
| 942 ## - ADDED ENTRY ELEMENTS (KOHA) | |
| Source of classification or shelving scheme | Dewey Decimal Classification |
| Koha item type | Books |
| Withdrawn status | Lost status | Source of classification or shelving scheme | Damaged status | Not for loan | Collection code | Home library | Current library | Shelving location | Date acquired | Source of acquisition | Total Checkouts | Full call number | Barcode | Date last seen | Copy number | Price effective from | Koha item type |
|---|---|---|---|---|---|---|---|---|---|---|---|---|---|---|---|---|---|
| Dewey Decimal Classification | Non-fiction | Asiatic Society Library | Asiatic Society Library | General Stacks | 06/29/2021 | Donated by A. K. M. Azizul Haq and Prof. Husniara Haq | 301 RUS | 110049 | 06/29/2021 | C-1 | 06/29/2021 | Books |